| 000 | 00636nam a2200193Ia 4500 | ||
|---|---|---|---|
| 003 | GCL | ||
| 008 | 140319s9999 xx 000 0 ara d | ||
| 040 |
_aGCL / _cGCL |
||
| 082 | 0 | 4 |
_a811.9 _bر ا |
| 100 | 1 | _aرجاء النقاش | |
| 245 | 1 | 0 |
_aابو القاسم الشابى: شاعر الحب والثورة / _cرجاء النقاش |
| 260 |
_aالقاهرة : _bالهيئة المصرية العامة للكتاب ، _c1988 |
||
| 300 |
_a79 ص ؛ _c20 سم |
||
| 490 | _a | ||
| 650 | 0 | 4 | _aالشعر العربى |
| 650 | 0 | 4 | _aالشعراء - تراجم |
| 650 | 0 | 4 | _aابو القاسم الشابى |
| 942 |
_2ddc _cBK |
||
| 999 |
_c38774 _d38774 |
||